Análisis financiero

Zapisane w:
Opis bibliograficzny
1. autor: Mao, James C. T. (autor)
Format: Książka
Język:hiszpański
Wydane: Buenos Aires Ateneo 1980
Wydanie:4a. ed
Seria:Biblioteca de Ciencias Económicas. Finanzas e Impuetos
Hasła przedmiotowe:
Etykiety: Dodaj etykietę
Nie ma etykietki, Dołącz pierwszą etykiete!

MARC

LEADER 00000nam a2200000 a 4500
001 UCV7290
003 CL-VaPUC
008 901016e19800000AG |||||||||||||||||spa|d
082 0 4 |a 658.151  |b MAO  |2 21 
100 |a Mao, James C. T.  |e autor  |9 365391 
245 1 0 |a Análisis financiero 
250 |a 4a. ed 
300 |a 558 p 
942 |c BK 
945 |d 19901016 00:00:00 
260 |a Buenos Aires  |b Ateneo  |c 1980 
650 0 |a Finanzas  |9 260832 
650 0 |a Modelos matemáticos   |9 259437 
650 0 |a Administración  |9 259325 
650 0 |a Análisis financiero  |9 264523 
583 |a last modification  |c 19901016 00:00:00  |k Rodrigo Vera 
490 0 |a Biblioteca de Ciencias Económicas. Finanzas e Impuetos 
999 |c 212992  |d 212990 
952 |0 0  |1 0  |4 0  |6 658_151000000000000_MAO_1980  |7 0  |8 A  |9 194910  |a BIBENE  |b BIBENE  |d 2019-11-14  |i 1408062  |o 658.151 MAO 1980  |p 1408062  |r 2025-01-15  |w 2019-11-14  |y BK  |k ICO 
952 |0 0  |1 0  |4 0  |6 658_151000000000000_MAO_1980  |7 0  |8 A  |9 194911  |a BIBGIM  |b BIBGIM  |d 2019-11-14  |i 1412167  |o 658.151 MAO 1980  |p 1412167  |r 2025-01-15  |w 2019-11-14  |y BK  |k COM